Statystyki dla Odgadnij polityka po fryzurze - #2

Kliknij tutaj aby rozwiązać quiz!

Ogólne statystyki

  • Ten quiz został rozwiązany 56 razy
  • Średni wynik to 8 z 16

Statystyki odpowiedzi

Odpowiedź% Poprawnych
Radosław Sikorski
77%
Ryszard Terlecki
75%
Borys Budka
74%
Aleksander Kwaśniewski
72%
Bronisław Komorowski
64%
Roman Giertych
64%
Włodzimierz Czarzasty
64%
Przemysław Czarnek
58%
Jarosław Gowin
55%
Grzegorz Braun
49%
Lech Wałęsa
47%
Marek Jakubiak
47%
Antoni Macierewicz
30%
Sławomir Nitras
28%
Michał Dworczyk
15%
Adam Niedzielski
9%

Rozkład punktacji

Percentyl według liczby udzielonych odpowiedzi

Procent ludzi z każdym wynikiem

Twoja historia wyników

Nie rozwiązałeś tego quizu